| 000 | 00633nam a2200193 a 4500 | ||
|---|---|---|---|
| 001 | 000032352 | ||
| 005 | 20240412074256.0 | ||
| 008 | 110714t1942 dr c 000 p spa d | ||
| 040 |
_aDO-SdBNP _bspa _cBNPHU |
||
| 082 |
_aRD861.42 _bM516p |
||
| 100 | 1 |
_aMejía, Manuel _9723 |
|
| 245 | 1 | 3 |
_aEl poema de los lirios : _bpoema en diez cantos y un epílogo / _cManuel Mejía. |
| 260 |
_aSan Pedro de Macorís, República Dominicana : _b[s.n.], _c1942. |
||
| 300 |
_a84 p. : _bretrs. ; _c23 cm. |
||
| 650 | 0 |
_aPoesía dominicana _966 |
|
| 650 | 0 |
_aLiteratura dominicana. _967 |
|
| 910 | _aValidado. Control de calidad EMS. | ||
| 049 | _aBNPD | ||
| 999 |
_c31843 _d31843 |
||